000 00502nam a2200181 i 4500
001 44645
003 ES-MaACL
005 20250930063051.0
007 t|
008 030321s1970 sp ||||1| cat d
100 1 _aClarasó, Noel,
_d1899-1985
_939003
245 1 3 _aEl suc i el bruc
_b: novella /
_cNoel Clarasó.
250 _a[1ª ed.].
260 _aBarcelona :
_bClub Editor,
_c[1970]
300 _a247 p. ;
_c19 cm.
852 _aES-MaACL
_jC-50726
_bR.73697
999 _c44645
_d44645